| 000 | 00463pab a2200157 454500 | ||
|---|---|---|---|
| 008 | 180718b1990 xxu||||| |||| 00| 0 eng d | ||
| 100 | _aHall, Richard L. | ||
| 245 |
_aBuying time _bMoneyed interests and the mobilisation of bias in congressional committees |
||
| 260 | _c1990 | ||
| 300 | _a797-820 | ||
| 362 | _aSept. | ||
| 650 | _aLegislative Committees - U.S.A. | ||
| 700 | _aFrank W. Wayman | ||
| 773 | _aAmerican Political Science Review | ||
| 909 | _a12889 | ||
| 999 |
_c12889 _d12889 |
||